MARC

LEADER 00000nam0a2200000 4500
001 49379
005 20231101211211.0
010 |a 0824724976 
035 |a (RuTPU)RU\TPU\book\51701 
090 |a 49379 
100 |a 20030331d2003 km y0rusy50 ca 
101 0 |a rus 
102 |a RU 
105 |a a z 001zy 
200 1 |a Химический дизайн  |a Метаязыки в науке и рефлексия естествознания  |f С. А. Кутолин, Ю. Д. Григорьев, А. В. Шуваев и др. 
210 |a Новосибирск  |c Изд-во Chem. Lab. NCD  |d 2003 
215 |a 123 с.  |c ил. 
320 |a Библиогр. в конце глав. 
606 1 |a Химический дизайн  |2 stltpush  |3 (RuTPU)RU\TPU\subj\27944  |9 51585 
610 1 |a химия 
610 1 |a метаязыки 
610 1 |a метахимия 
610 1 |a золотая пропорция 
610 1 |a химическая информация 
610 1 |a биологически активные вещества 
610 1 |a базы данных 
610 1 |a механохимия 
610 1 |a катализ 
610 1 |a пирамиды египетские 
610 1 |a тайны 
610 1 |a Новосибирск 
610 1 |a экологические проблемы 
610 1 |a религия 
610 1 |a гены 
675 |a 54  |v 3 
701 1 |a Кутолин  |b С. А. 
701 1 |a Григорьев  |b Ю. Д. 
701 1 |a Шуваев  |b А. В. 
701 1 |a Писиченко  |b Г. М. 
701 1 |a Скуратовский  |b Г. М. 
712 0 2 |a Международная академия наук (МАН)  |b Центр ноосферной защиты им. Н. Д. Зелинского (ЦНЗ)  |c (Москва)  |2 stltpush  |3 (RuTPU)RU\TPU\col\399 
801 1 |a RU  |b 63413507  |c 20030331  |g PSBO 
801 2 |a RU  |b 63413507  |c 20131216  |g PSBO 
942 |c BK